|
|
|
|
| LEADER |
00000nam a2200000 a 4500 |
| 001 |
UCH7454 |
| 003 |
CL-VaPUC |
| 008 |
091112e19640000SP |||||||||||||||||spa|d |
| 082 |
0 |
4 |
|a 280.042
|b ROM
|2 21
|
| 100 |
0 |
|
|a Romeu, Luis V
|e author
|9 543911
|
| 245 |
1 |
0 |
|a Diálogos de la cristiandad
|
| 300 |
|
|
|a 401 p
|
| 942 |
|
|
|c BK
|
| 945 |
|
|
|d 20091112 00:00:00
|a dcastane
|
| 260 |
|
|
|a Salamanca
|b Sígueme
|c 1964
|
| 650 |
|
0 |
|a Ecumenismo
|9 255639
|
| 583 |
|
|
|a last modification
|c 20091112 00:00:00
|k Rodrigo Vera
|
| 999 |
|
|
|c 338050
|d 338048
|
| 952 |
|
|
|0 0
|1 0
|4 0
|6 280_042000000000000_ROM_1964
|7 0
|8 A
|9 430848
|a BIBTEO
|b BIBTEO
|d 2019-11-22
|i 461187K
|o 280.042 ROM 1964
|p 461187K
|r 2025-01-17
|w 2019-11-22
|y BK
|k ICR
|